[Event "9.Open Internacional de Sants"]
[Site "Barcelona ESP"]
[Date "2007.08.25"]
[Round "2.14"]
[White "Martorell Aguado, Joan"]
[Black "Karlsson, Lars"]
[Result "0-1"]
[WhiteElo "2186"]
[BlackElo "2493"]
[PlyCount "122"]
[EventDate "2007.08.24"]
[EventType "swiss"]
[EventRounds "10"]
[EventCountry "ESP"]
[Source "lmi"]
[SourceDate "2007.08.24"]

1. c4 e5 2. Nc3 Nc6 3. g3 g6 4. Bg2 Bg7 5. Nf3 d6 6. O-O f5 7. d3 Nf6 8. Rb1 a5
9. a3 O-O 10. Nd5 Nxd5 11. cxd5 Ne7 12. b4 h6 13. Nd2 g5 14. e3 g4 15. f3 h5
16. fxg4 hxg4 17. bxa5 Ng6 18. Nc4 Qg5 19. Qe1 Qh5 20. Rb2 f4 21. Be4 Bf5 22.
Rxb7 Bxe4 23. dxe4 fxg3 24. hxg3 Rxf1+ 25. Kxf1 Qh2 26. Rb2 Qh1+ 27. Ke2 Qg2+
28. Kd1 Qxe4 29. Qb4 Qxd5+ 30. Bd2 Qf3+ 31. Kc1 d5 32. Nb6 cxb6 33. axb6 Qe2
34. Be1 Qc4+ 35. Qxc4 dxc4 36. a4 e4 37. Rb5 Ne5 38. b7 Rb8 39. Bb4 Nd3+ 40.
Kc2 Nxb4+ 41. Rxb4 Bh6 42. a5 Bxe3 43. a6 Ba7 44. Rxc4 e3 45. Rxg4+ Kf7 46. Rc4
Rd8 47. Rc7+ Kf6 48. Rc8 e2 49. Rxd8 e1=Q 50. b8=Q Qe4+ 51. Kd1 Bxb8 52. Rxb8
Qd3+ 53. Kc1 Qxa6 54. Rb3 Qa2 55. Re3 Qf2 56. Rc3 Qe2 57. Rb3 Ke5 58. g4 Kd4
59. g5 Kc4 60. Rb2 Qe1+ 61. Kc2 Qe4+ 0-1

[Event "9.Open Internacional de Sants"]
[Site "Barcelona ESP"]
[Date "2007.08.25"]
[Round "2.15"]
[White "Lapshun, Yury"]
[Black "Blazquez, Denis"]
[Result "1-0"]
[WhiteElo "2479"]
[BlackElo "2169"]
[PlyCount "77"]
[EventDate "2007.08.24"]
[EventType "swiss"]
[EventRounds "10"]
[EventCountry "ESP"]
[Source "lmi"]
[SourceDate "2007.08.24"]

1. b4 e5 2. Bb2 f6 3. e4 Bxb4 4. Bc4 Qe7 5. Nc3 c6 6. f4 Bxc3 7. Bxc3 exf4 8.
Qh5+ g6 9. Qe2 d6 10. Nh3 Bxh3 11. gxh3 Nd7 12. O-O f3 13. Rxf3 Ne5 14. Re3 Nh6
15. Rf1 Rf8 16. Bb3 O-O-O 17. a4 Rde8 18. Kh1 Kb8 19. a5 Qc7 20. Qe1 g5 21. Qe2
Qg7 22. Ba4 f5 23. Rb1 Ka8 24. Bd4 Qc7 25. Reb3 Rb8 26. Bb6 Qc8 27. d4 Nd7 28.
e5 dxe5 29. dxe5 Nxb6 30. axb6 Qe6 31. bxa7 Qd5+ 32. Qg2 Qxg2+ 33. Kxg2 Kxa7
34. Bxc6 b5 35. c4 b4 36. c5 Rbc8 37. Ra1+ Kb8 38. Rxb4+ Kc7 39. Rb6 1-0

[Event "9.Open Internacional de Sants"]
[Site "Barcelona ESP"]
[Date "2007.08.25"]
[Round "2.16"]
[White "Serrano Aspa, Xavier"]
[Black "Akesson, Ralf"]
[Result "0-1"]
[WhiteElo "2185"]
[BlackElo "2477"]
[PlyCount "60"]
[EventDate "2007.08.24"]
[EventType "swiss"]
[EventRounds "10"]
[EventCountry "ESP"]
[Source "lmi"]
[SourceDate "2007.08.24"]

1. b3 Nf6 2. Bb2 c5 3. e3 b6 4. f4 Bb7 5. Nf3 g6 6. Be2 Bg7 7. O-O O-O 8. c4
Nc6 9. Ne5 Nxe5 10. fxe5 Ne8 11. d4 d6 12. Bf3 Bxf3 13. Qxf3 Rc8 14. Na3 Qc7
15. Nb5 Qd7 16. Rad1 a6 17. Nc3 cxd4 18. Nd5 Rb8 19. exd4 Nc7 20. Ba3 Nxd5 21.
Qxd5 Rbd8 22. exd6 exd6 23. Rde1 Rfe8 24. Bxd6 Rxe1 25. Rxe1 Qg4 26. Re4 Qd1+
27. Kf2 Qd2+ 28. Kf1 Bf8 29. c5 bxc5 30. Rf4 Qxf4+ 0-1

[Event "9.Open Internacional de Sants"]
[Site "Barcelona ESP"]
[Date "2007.08.25"]
[Round "2.17"]
[White "Feller, Sebastien"]
[Black "Marin, Irina Luiza"]
[Result "1-0"]
[WhiteElo "2478"]
[BlackElo "2166"]
[PlyCount "80"]
[EventDate "2007.08.24"]
[EventType "swiss"]
[EventRounds "10"]
[EventCountry "ESP"]
[Source "lmi"]
[SourceDate "2007.08.24"]

1. e4 d6 2. d4 Nf6 3. Nc3 g6 4. g3 Bg7 5. Bg2 O-O 6. Nge2 e5 7. O-O Nc6 8. dxe5
dxe5 9. Bg5 Bg4 10. f3 Be6 11. f4 Qe7 12. Kh1 Qc5 13. Nc1 Bc4 14. Nd3 Qd4 15.
fxe5 Bxd3 16. cxd3 Nd7 17. Ne2 Qxe5 18. Bf4 Qxb2 19. Rb1 Qxa2 20. Rxb7 Nd4 21.
Nxd4 Bxd4 22. Rxc7 Ne5 23. Rc2 Qa4 24. Bh6 Rfe8 25. Bg5 a5 26. Bf6 Qd7 27. Qd2
Ng4 28. Rc7 Qxc7 29. Bxd4 Rad8 30. Ba1 Ne5 31. d4 a4 32. Qf4 f6 33. dxe5 fxe5
34. Qf2 Qc4 35. Re1 a3 36. Bf1 Qb4 37. h4 Rc8 38. Qa2+ Kh8 39. Rb1 Qxe4+ 40.
Bg2 Rc2 1-0

[Event "9.Open Internacional de Sants"]
[Site "Barcelona ESP"]
[Date "2007.08.25"]
[Round "2.18"]
[White "Darmarakis, Mihail"]
[Black "Gonzalez, Vidal"]
[Result "1-0"]
[WhiteElo "2182"]
[BlackElo "2475"]
[PlyCount "77"]
[EventDate "2007.08.24"]
[EventType "swiss"]
[EventRounds "10"]
[EventCountry "ESP"]
[Source "lmi"]
[SourceDate "2007.08.24"]

1. e4 c6 2. d4 d5 3. e5 Bf5 4. g4 Bd7 5. c4 h5 6. gxh5 e6 7. Nc3 Ne7 8. Bd3
dxc4 9. Bxc4 Nf5 10. Nge2 Qh4 11. Ng3 Qxd4 12. Qe2 Nh4 13. Bg5 Ng2+ 14. Kf1 Nf4
15. Qe4 Qxe4 16. Ngxe4 Nxh5 17. Rd1 b5 18. Be2 Na6 19. a4 Nc7 20. axb5 cxb5 21.
Nd6+ Bxd6 22. exd6 b4 23. dxc7 bxc3 24. bxc3 f6 25. Be3 Rc8 26. Bxa7 Rxc7 27.
Be3 Rxc3 28. Rg1 g5 29. Bd4 Rh3 30. Rb1 O-O 31. Rb7 Bc6 32. Rc7 Rb8 33. Bxh5
Rb1+ 34. Ke2 Bb5+ 35. Kd2 Rd3+ 36. Kc2 Rxg1 37. Bxf6 Ba6 38. Rg7+ Kf8 39. Rh7
1-0

[Event "9.Open Internacional de Sants"]
[Site "Barcelona ESP"]
[Date "2007.08.25"]
[Round "2.31"]
[White "Antoli Royo, Joaquin Miguel"]
[Black "Saenz Rebull, Jordi"]
[Result "1/2-1/2"]
[WhiteElo "2379"]
[BlackElo "2100"]
[PlyCount "58"]
[EventDate "2007.08.24"]
[EventType "swiss"]
[EventRounds "10"]
[EventCountry "ESP"]
[Source "lmi"]
[SourceDate "2007.08.24"]

1. e4 e6 2. d4 d5 3. Nd2 dxe4 4. Nxe4 Nd7 5. Nf3 Ngf6 6. Nxf6+ Nxf6 7. Bd3 c5
8. dxc5 Bxc5 9. Bg5 h6 10. Bd2 Qc7 11. Qe2 Bd7 12. c4 Bc6 13. O-O O-O 14. Ne5
Rad8 15. Bf4 Rd4 16. g3 Be4 17. b4 Bd6 18. Be3 Bxd3 19. Nxd3 Rxc4 20. a3 b6 21.
Nc5 b5 22. Rac1 Nd5 23. Ne4 Nxe3 24. Qxe3 Be7 25. Rxc4 bxc4 26. Rc1 Rc8 27. Rc3
Qb6 28. Qc1 Qd4 29. Qc2 Rd8 1/2-1/2

[Event "9.Open Internacional de Sants"]
[Site "Barcelona ESP"]
[Date "2007.08.26"]
[Round "3.1"]
[White "Shengelia, Davit"]
[Black "Lorenzo De La Riva, Lazaro"]
[Result "1-0"]
[WhiteElo "2572"]
[BlackElo "2332"]
[PlyCount "119"]
[EventDate "2007.08.24"]
[EventType "swiss"]
[EventRounds "10"]
[EventCountry "ESP"]
[Source "lmi"]
[SourceDate "2007.08.24"]

1. d4 d5 2. Nf3 Nc6 3. e3 Bg4 4. Bb5 e6 5. c4 Bb4+ 6. Bd2 Bxd2+ 7. Nbxd2 Nge7
8. Qb3 Bxf3 9. Nxf3 O-O 10. Bxc6 Nxc6 11. Qxb7 Na5 12. Qa6 Nxc4 13. b3 Qd6 14.
Qxd6 Nxd6 15. Rc1 Rfc8 16. Ke2 a5 17. a4 Rcb8 18. Nd2 Ne4 19. Nxe4 dxe4 20. Rc3
Kf8 21. Kd2 Ra7 22. Kc2 Ke7 23. Kb2 Rb6 24. Rhc1 Kd6 25. Rc5 f6 26. Ka3 c6 27.
R1c3 Kd7 28. f3 exf3 29. gxf3 Kd6 30. e4 Kd7 31. f4 g6 32. h4 f5 33. e5 Ra8 34.
Rg3 Ke7 35. Rgc3 Kd7 36. h5 gxh5 37. Rg3 Ke7 38. Rg7+ Kf8 39. Rxh7 Rab8 40. Rc3
Rd8 41. Rh8+ Ke7 42. Rh7+ Kf8 43. Rg3 Re8 44. Rh8+ Kf7 45. Rh7+ Kf8 46. Rxh5
Rb4 47. Rh8+ Kf7 48. Rh7+ Kf8 49. Rd7 Re7 50. Rd8+ Re8 51. Rd6 Kf7 52. Rh3 Rg8
53. Rd7+ Ke8 54. Ra7 Rxd4 55. Rhh7 Rd5 56. Ra8+ Rd8 57. Rxa5 Rb8 58. Raa7 Kd8
59. Rad7+ Kc8 60. Rc7+ 1-0

[Event "9.Open Internacional de Sants"]
[Site "Barcelona ESP"]
[Date "2007.08.26"]
[Round "3.2"]
[White "Oms Fuentes, Lluis"]
[Black "Nijboer, Friso"]
[Result "1/2-1/2"]
[WhiteElo "2336"]
[BlackElo "2568"]
[PlyCount "78"]
[EventDate "2007.08.24"]
[EventType "swiss"]
[EventRounds "10"]
[EventCountry "ESP"]
[Source "lmi"]
[SourceDate "2007.08.24"]

1. e4 c5 2. Nf3 d6 3. d4 cxd4 4. Nxd4 Nf6 5. Nc3 Nc6 6. Bg5 e6 7. Qd2 a6 8.
O-O-O Bd7 9. f3 h6 10. Be3 b5 11. Bd3 Ne5 12. g4 b4 13. Nce2 d5 14. g5 dxe4 15.
fxe4 Nfg4 16. gxh6 Nxe3 17. Qxe3 Rxh6 18. Kb1 Qb6 19. Qg3 f6 20. Nf3 Qe3 21.
Nxe5 Qxg3 22. hxg3 fxe5 23. Rhf1 Bd6 24. Rf3 Ke7 25. g4 Rf6 26. Rh3 Rg6 27. Rg3
a5 28. g5 Rh8 29. Ng1 Rh1 30. Be2 Be8 31. Nf3 Rh5 32. b3 Bc5 33. Nxe5 Rgxg5 34.
Bxh5 Rxg3 35. Bxe8 Kxe8 36. Nc4 g5 37. Nxa5 g4 38. Nc6 Re3 39. Rd8+ Kf7 1/2-1/2

[Event "9.Open Internacional de Sants"]
[Site "Barcelona ESP"]
[Date "2007.08.26"]
[Round "3.4"]
[White "Eggleston, David J"]
[Black "Narciso Dublan, Marc"]
[Result "1/2-1/2"]
[WhiteElo "2330"]
[BlackElo "2552"]
[PlyCount "107"]
[EventDate "2007.08.24"]
[EventType "swiss"]
[EventRounds "10"]
[EventCountry "ESP"]
[Source "lmi"]
[SourceDate "2007.08.24"]

1. e4 e6 2. d4 d5 3. Nd2 c5 4. Ngf3 Nf6 5. exd5 exd5 6. Bb5+ Bd7 7. Qe2+ Be7 8.
dxc5 O-O 9. Nb3 Re8 10. Be3 a6 11. Bxd7 Nbxd7 12. O-O Nxc5 13. Bxc5 Bxc5 14.
Qd3 Ba7 15. c3 Qb6 16. Nfd4 Ne4 17. Rfe1 Nd6 18. Re2 Rxe2 19. Qxe2 Re8 20. Qf1
Nc4 21. Re1 Rxe1 22. Qxe1 Kf8 23. Qe2 Qg6 24. Qc2 Qxc2 25. Nxc2 Nxb2 26. Nb4
Nd1 27. Nxd5 Nxf2 28. Na5 Ng4+ 29. Kf1 Nxh2+ 30. Ke2 Ke8 31. Nxb7 Kd7 32. Na5
Bb8 33. c4 Ng4 34. Kd3 Ne5+ 35. Kc3 Nc6 36. Nb6+ Kd6 37. c5+ Kxc5 38. Nd7+ Kd6
39. Nxc6 Bc7 40. Ncb8 h5 41. Kd4 a5 42. Ke4 a4 43. Kf5 a3 44. Kg5 Kd5 45. Na6
Bd6 46. Nb6+ Kd4 47. Kxh5 Kc3 48. Kg4 Bf8 49. Nd5+ Kb2 50. Nab4 Bxb4 51. Nxb4
Kc3 52. Nd5+ Kb2 53. Nb4 Kc3 54. Nd5+ 1/2-1/2

[Event "9.Open Internacional de Sants"]
[Site "Barcelona ESP"]
[Date "2007.08.26"]
[Round "3.5"]
[White "Gonzalez Garcia, Jose"]
[Black "Ryan, Joseph"]
[Result "1-0"]
[WhiteElo "2540"]
[BlackElo "2320"]
[PlyCount "33"]
[EventDate "2007.08.24"]
[EventType "swiss"]
[EventRounds "10"]
[EventCountry "ESP"]
[Source "lmi"]
[SourceDate "2007.08.24"]

1. d4 d5 2. c4 e6 3. Nc3 Be7 4. Nf3 Nf6 5. Qc2 dxc4 6. e4 a6 7. e5 Nd5 8. Bxc4
Nxc3 9. bxc3 b5 10. Qe4 c6 11. Bb3 Bb7 12. Qg4 Kf8 13. Ng5 c5 14. Nxf7 Kxf7 15.
Bh6 gxh6 16. Bxe6+ Kf8 17. Qh5 1-0

[Event "9.Open Internacional de Sants"]
[Site "Barcelona ESP"]
[Date "2007.08.26"]
[Round "3.6"]
[White "Gabrielsen, Stig"]
[Black "Sulskis, Sarunas"]
[Result "0-1"]
[WhiteElo "2322"]
[BlackElo "2537"]
[PlyCount "137"]
[EventDate "2007.08.24"]
[EventType "swiss"]
[EventRounds "10"]
[EventCountry "ESP"]
[Source "lmi"]
[SourceDate "2007.08.24"]

1. e4 c6 2. Nc3 d5 3. Nf3 Bg4 4. h3 Bxf3 5. Qxf3 e6 6. Be2 Bc5 7. O-O Nd7 8. d3
Ne7 9. Bd1 O-O 10. Ne2 dxe4 11. dxe4 Ng6 12. Nf4 a5 13. Nxg6 fxg6 14. Qg3 Qb6
15. Bf3 Rf7 16. c3 Raf8 17. b3 Qb5 18. Rd1 Ne5 19. c4 Nxf3+ 20. gxf3 Qb6 21.
Rd3 Rd8 22. Rxd8+ Qxd8 23. Be3 Bxe3 24. fxe3 g5 25. Rf1 h6 26. Qe5 Qd2 27. Qxe6
Qxe3+ 28. Rf2 Qf4 29. Qg4 Qc1+ 30. Kg2 Kh7 31. Qe6 Qf4 32. Qg4 Qxg4+ 33. hxg4
Rd7 34. Kf1 Kg6 35. Ke2 Kf6 36. Ke3 Rd1 37. Rh2 Ke5 38. Re2 b6 39. Rh2 Re1+ 40.
Kd2 Ra1 41. Ke3 Rd1 42. Ke2 Rc1 43. Kd2 Rb1 44. Ke3 a4 45. bxa4 Rb4 46. Rh5
Rxc4 47. f4+ Kf6 48. fxg5+ hxg5 49. a5 bxa5 50. Rh8 Ra4 51. Rc8 Ke5 52. Re8+
Kd6 53. Rd8+ Ke6 54. Re8+ Kd6 55. Rd8+ Ke7 56. Rc8 Rxa2 57. Rxc6 a4 58. Kd4 a3
59. Ke5 Rf2 60. Rc7+ Kf8 61. Rc8+ Kf7 62. Rc7+ Kg6 63. Ra7 a2 64. Ke6 Rg2 65.
e5 Rxg4 66. Rxa2 Re4 67. Kd5 Re1 68. e6 g4 69. Kd6 0-1

[Event "9.Open Internacional de Sants"]
[Site "Barcelona ESP"]
[Date "2007.08.26"]
[Round "3.7"]
[White "Pinter, Jozsef"]
[Black "Mihailovs, Jurijs"]
[Result "1-0"]
[WhiteElo "2535"]
[BlackElo "2317"]
[PlyCount "31"]
[EventDate "2007.08.24"]
[EventType "swiss"]
[EventRounds "10"]
[EventCountry "ESP"]
[Source "lmi"]
[SourceDate "2007.08.24"]

1. d4 Nf6 2. c4 c5 3. d5 b5 4. cxb5 a6 5. e3 g6 6. Nc3 Bg7 7. a4 Bb7 8. Nf3 O-O
9. Rb1 d6 10. Be2 axb5 11. axb5 Nbd7 12. O-O Qa5 13. Bd2 Qb4 14. Qc2 Nb6 15. b3
Qa3 16. e4 1-0

[Event "9.Open Internacional de Sants"]
[Site "Barcelona ESP"]
[Date "2007.08.26"]
[Round "3.8"]
[White "Picard, Romain"]
[Black "Marin, Mihail"]
[Result "1/2-1/2"]
[WhiteElo "2309"]
[BlackElo "2533"]
[PlyCount "35"]
[EventDate "2007.08.24"]
[EventType "swiss"]
[EventRounds "10"]
[EventCountry "ESP"]
[Source "lmi"]
[SourceDate "2007.08.24"]

1. e4 e5 2. Nf3 Nc6 3. Bc4 Nf6 4. d3 h6 5. O-O d6 6. c3 g6 7. Re1 Bg7 8. d4 Qe7
9. Nbd2 O-O 10. h3 Bd7 11. a4 a6 12. a5 Nh7 13. Nf1 Rae8 14. Ng3 Ng5 15. Nxg5
hxg5 16. Be3 Bf6 17. f3 Kg7 18. Nh1 1/2-1/2

[Event "9.Open Internacional de Sants"]
[Site "Barcelona ESP"]
[Date "2007.08.26"]
[Round "3.9"]
[White "Bruned, Yvain"]
[Black "Luther, Thomas"]
[Result "0-1"]
[WhiteElo "2307"]
[BlackElo "2529"]
[PlyCount "56"]
[EventDate "2007.08.24"]
[EventType "swiss"]
[EventRounds "10"]
[EventCountry "ESP"]
[Source "lmi"]
[SourceDate "2007.08.24"]

1. e4 e5 2. Nf3 d6 3. d4 exd4 4. Nxd4 Nf6 5. Nc3 Be7 6. Bf4 O-O 7. Qd2 a6 8.
O-O-O b5 9. f3 c5 10. Nf5 Bxf5 11. exf5 Nc6 12. Bxd6 Qa5 13. Bxe7 Nxe7 14. Qd6
Rfe8 15. Bd3 b4 16. Ne4 Nxe4 17. Bxe4 Qxa2 18. Qxc5 Qa1+ 19. Kd2 Qxb2 20. Rb1
Qf6 21. Rxb4 Nc6 22. Rbb1 Nd4 23. h4 Rac8 24. Qd5 Qh6+ 25. Kd1 Nxc2 26. Qd2
Ne3+ 27. Ke2 Nxf5 28. Qxh6 Nxh6 0-1

[Event "9.Open Internacional de Sants"]
[Site "Barcelona ESP"]
[Date "2007.08.26"]
[Round "3.10"]
[White "Almeida Quintana, Omar"]
[Black "Arias Boo, Guillermo"]
[Result "1-0"]
[WhiteElo "2501"]
[BlackElo "2299"]
[PlyCount "31"]
[EventDate "2007.08.24"]
[EventType "swiss"]
[EventRounds "10"]
[EventCountry "ESP"]
[Source "lmi"]
[SourceDate "2007.08.24"]

1. d4 Nf6 2. Nf3 d6 3. c4 Nbd7 4. Nc3 e5 5. e4 g6 6. Be2 Bg7 7. O-O O-O 8. d5
Nc5 9. Nd2 Bh6 10. Qc2 a5 11. b3 Ne8 12. a3 f5 13. Ra2 Qh4 14. Nf3 Qh5 15. Nxe5
Qh4 16. Nf3 1-0

[Event "9.Open Internacional de Sants"]
[Site "Barcelona ESP"]
[Date "2007.08.26"]
[Round "3.11"]
[White "Alonso Rosell, Alvar"]
[Black "Bromberger, Stefan"]
[Result "0-1"]
[WhiteElo "2285"]
[BlackElo "2500"]
[PlyCount "62"]
[EventDate "2007.08.24"]
[EventType "swiss"]
[EventRounds "10"]
[EventCountry "ESP"]
[Source "lmi"]
[SourceDate "2007.08.24"]

1. d4 Nf6 2. c4 e6 3. Nc3 Bb4 4. f3 O-O 5. a3 Bxc3+ 6. bxc3 Ne8 7. e4 b6 8. Bd3
Ba6 9. Qe2 Nc6 10. a4 Na5 11. Ba3 c5 12. f4 f5 13. e5 d5 14. dxc5 Bxc4 15. cxb6
Rf7 16. bxa7 Rfxa7 17. Nf3 Nb3 18. Rb1 Rxa4 19. Bxc4 Rxc4 20. Ng5 Rxa3 21. Qh5
Re4+ 22. Kd1 Qd7 23. Qxh7+ Kf8 24. Qh8+ Ke7 25. Qh4 Qa4 26. Nxe4+ Kd7 27. Nf2
Nd4+ 28. Ke1 Qc2 29. Rb7+ Kc6 30. Qh5 Ra1+ 31. Nd1 g6 0-1

[Event "9.Open Internacional de Sants"]
[Site "Barcelona ESP"]
[Date "2007.08.26"]
[Round "3.12"]
[White "Gabrielsen, Trond"]
[Black "Fluvia Poyatos, Jordi"]
[Result "0-1"]
[WhiteElo "2283"]
[BlackElo "2495"]
[PlyCount "50"]
[EventDate "2007.08.24"]
[EventType "swiss"]
[EventRounds "10"]
[EventCountry "ESP"]
[Source "lmi"]
[SourceDate "2007.08.24"]

1. e4 d6 2. d4 Nf6 3. Nc3 g6 4. f4 Bg7 5. Nf3 O-O 6. Bd3 Na6 7. O-O c5 8. d5
Bg4 9. h3 Bxf3 10. Qxf3 Nb4 11. Qd1 e6 12. Bc4 exd5 13. exd5 Re8 14. a3 Na6 15.
Qd3 Nc7 16. Bd2 Nd7 17. Rab1 a6 18. a4 Qf6 19. Ne2 Nb6 20. f5 Rxe2 21. Qxe2
Qd4+ 22. Be3 Qxc4 23. Qf2 Nbxd5 24. fxg6 Nxe3 25. gxh7+ Kh8 0-1

[Event "9.Open Internacional de Sants"]
[Site "Barcelona ESP"]
[Date "2007.08.26"]
[Round "3.13"]
[White "Karlsson, Lars"]
[Black "Mindeguia Guruceaga, Juan J"]
[Result "1-0"]
[WhiteElo "2493"]
[BlackElo "2250"]
[PlyCount "57"]
[EventDate "2007.08.24"]
[EventType "swiss"]
[EventRounds "10"]
[EventCountry "ESP"]
[Source "lmi"]
[SourceDate "2007.08.24"]

1. c4 e6 2. Nf3 d5 3. b3 Nf6 4. Bb2 c5 5. e3 Be7 6. Be2 O-O 7. O-O dxc4 8. bxc4
Nc6 9. d3 b6 10. Nbd2 Qc7 11. a3 Bb7 12. Qc2 Rad8 13. Rfd1 e5 14. Nb1 Rfe8 15.
Nc3 Bf8 16. Ng5 Ne7 17. Bf3 Bxf3 18. Nxf3 Nc6 19. Ng5 Rd7 20. d4 g6 21. Nge4
Nxe4 22. Nxe4 Bg7 23. dxc5 Rxd1+ 24. Rxd1 bxc5 25. Rd5 Qa5 26. h3 f5 27. Rxc5
Qa6 28. Qd3 Rd8 29. Rxc6 1-0

[Event "9.Open Internacional de Sants"]
[Site "Barcelona ESP"]
[Date "2007.08.26"]
[Round "3.14"]
[White "Yepes Martinez, Eduard"]
[Black "Lapshun, Yury"]
[Result "0-1"]
[WhiteElo "2267"]
[BlackElo "2479"]
[PlyCount "92"]
[EventDate "2007.08.24"]
[EventType "swiss"]
[EventRounds "10"]
[EventCountry "ESP"]
[Source "lmi"]
[SourceDate "2007.08.24"]

1. d4 c5 2. c3 b6 3. e4 e6 4. Nf3 Ne7 5. Be3 Bb7 6. Bd3 d6 7. Nbd2 Nbc6 8. a3
g6 9. h4 h5 10. Ng5 Qd7 11. Qf3 f5 12. Nxe6 Qxe6 13. d5 Qd7 14. dxc6 Nxc6 15.
exf5 Ne5 16. Qe2 Nxd3+ 17. Qxd3 Qxf5 18. Qb5+ Qd7 19. Qxd7+ Kxd7 20. Rg1 Be7
21. g3 b5 22. O-O-O Bd5 23. Rge1 Rae8 24. Bf4 Bf8 25. Rxe8 Kxe8 26. Bxd6 Bxd6
27. Nf1 Bc4 28. Rxd6 Bxf1 29. Rxg6 Kd7 30. Rg7+ Kc6 31. Rxa7 Rf8 32. a4 bxa4
33. Rxa4 Rxf2 34. g4 Bb5 35. Ra7 hxg4 36. Rg7 Be2 37. h5 Rh2 38. Rg5 Bf3 39. b4
cxb4 40. cxb4 Kb6 41. Kb1 Rh3 42. Kc2 g3 43. Kd2 g2 44. Ke3 Bxh5+ 45. Kf2 Bf3
46. Rg7 Rh1 0-1

[Event "9.Open Internacional de Sants"]
[Site "Barcelona ESP"]
[Date "2007.08.26"]
[Round "3.15"]
[White "Akesson, Ralf"]
[Black "Cuartas, Jorge Humberto"]
[Result "1-0"]
[WhiteElo "2477"]
[BlackElo "2236"]
[PlyCount "68"]
[EventDate "2007.08.24"]
[EventType "swiss"]
[EventRounds "10"]
[EventCountry "ESP"]
[Source "lmi"]
[SourceDate "2007.08.24"]

1. d4 d5 2. c4 c6 3. Nc3 Nf6 4. e3 a6 5. Qc2 b5 6. b3 e6 7. Nf3 Nbd7 8. Bd3 Bb7
9. c5 g6 10. e4 dxe4 11. Nxe4 Nxe4 12. Bxe4 Bg7 13. Bf4 O-O 14. Bd6 Re8 15. Ne5
Qc8 16. h4 f6 17. f4 Nxe5 18. fxe5 f5 19. Bf3 h5 20. a4 Qd7 21. Kf2 Rec8 22.
Rhd1 Qf7 23. Qc3 Kh7 24. g3 a5 25. axb5 cxb5 26. Rdc1 Bxf3 27. Qxf3 Qa7 28. Kg2
Bf8 29. Ra2 Bxd6 30. exd6 Qd7 31. Re1 Re8 32. Kh3 Kh6 33. Rd2 Ra6 34. Qc3 b4
1-0

[Event "9.Open Internacional de Sants"]
[Site "Barcelona ESP"]
[Date "2007.08.26"]
[Round "3.16"]
[White "Blodstein, Boris"]
[Black "Feller, Sebastien"]
[Result "0-1"]
[WhiteElo "2254"]
[BlackElo "2478"]
[PlyCount "56"]
[EventDate "2007.08.24"]
[EventType "swiss"]
[EventRounds "10"]
[EventCountry "ESP"]
[Source "lmi"]
[SourceDate "2007.08.24"]

1. e4 c5 2. Nc3 a6 3. g3 b5 4. Bg2 Bb7 5. d3 e6 6. f4 d5 7. e5 Ne7 8. Nf3 Nec6
9. O-O Be7 10. Ne2 d4 11. g4 Nd7 12. Ng3 Qc7 13. a4 O-O 14. Qe2 Rfe8 15. h4 c4
16. Bd2 Nc5 17. axb5 axb5 18. Rxa8 Rxa8 19. f5 Ra2 20. fxe6 Nxe6 21. dxc4 Rxb2
22. cxb5 Nb4 23. Bxb4 Bxb4 24. Ne1 Bxe1 25. Qxe1 Bxg2 26. Kxg2 Qxc2+ 27. Rf2
Nf4+ 28. Kf3 Nd3 0-1

[Event "9.Open Internacional de Sants"]
[Site "Barcelona ESP"]
[Date "2007.08.26"]
[Round "3.17"]
[White "White, Michael J R"]
[Black "Salgado Lopez, Ivan"]
[Result "0-1"]
[WhiteElo "2246"]
[BlackElo "2456"]
[PlyCount "80"]
[EventDate "2007.08.24"]
[EventType "swiss"]
[EventRounds "10"]
[EventCountry "ESP"]
[Source "lmi"]
[SourceDate "2007.08.24"]

1. e4 e6 2. d4 d5 3. Nd2 dxe4 4. Nxe4 Bd7 5. Nf3 Bc6 6. Neg5 Bd6 7. Be3 h6 8.
Nh3 Nd7 9. c4 Bb4+ 10. Nd2 Ngf6 11. f3 b6 12. Qe2 Be7 13. O-O-O Ba4 14. b3 Bc6
15. Rg1 a5 16. a4 Ba3+ 17. Kc2 Qe7 18. Nb1 Bb4 19. g4 e5 20. d5 Bb7 21. g5 hxg5
22. Rxg5 g6 23. Nc3 O-O-O 24. Nb5 Kb8 25. Kb2 Ba6 26. f4 Bxb5 27. fxe5 Ne4 28.
d6 cxd6 29. exd6 Qf6+ 30. Bd4 Bc3+ 31. Kc2 Bxd4 32. Qxe4 Rxh3 33. Bxh3 Qxg5 34.
Rxd4 Nc5 35. Qf3 Bd7 36. Rd5 Qh4 37. Bg2 Qg4 38. Qf2 Bc6 39. Qxf7 Qxg2+ 40. Kb1
Rd7 0-1

[Event "9.Open Internacional de Sants"]
[Site "Barcelona ESP"]
[Date "2007.08.26"]
[Round "3.18"]
[White "Gonzalez, Renier"]
[Black "Esquivel, Luis"]
[Result "1-0"]
[WhiteElo "2456"]
[BlackElo "2212"]
[PlyCount "101"]
[EventDate "2007.08.24"]
[EventType "swiss"]
[EventRounds "10"]
[EventCountry "ESP"]
[Source "lmi"]
[SourceDate "2007.08.24"]

1. e4 e6 2. d3 d5 3. Qe2 dxe4 4. dxe4 e5 5. Nf3 Nc6 6. c3 Nf6 7. Qc2 a6 8. Bg5
Bc5 9. Nbd2 Qe7 10. a4 h6 11. Bh4 g5 12. Bg3 Nh5 13. Nc4 Nxg3 14. hxg3 Bg4 15.
Be2 Ba7 16. Nh2 Be6 17. Ng4 h5 18. Nge3 Bxc4 19. Nxc4 h4 20. Bg4 Qf6 21. gxh4
Rxh4 22. Rxh4 gxh4 23. Rd1 Rd8 24. Rxd8+ Nxd8 25. Qd2 Kf8 26. Bf5 Nc6 27. b4
Kg7 28. Qd1 Qh6 29. b5 axb5 30. axb5 Qf4 31. Qg4+ Qxg4 32. Bxg4 Ne7 33. Nxe5
Bc5 34. Nf3 Ba3 35. Ke2 f5 36. exf5 Kf6 37. Ng1 Kg5 38. Bh3 Nd5 39. Nf3+ Kf6
40. c4 Nb6 41. Kd3 Bc5 42. Nd2 Nd7 43. Ne4+ Kf7 44. Nxc5 Nxc5+ 45. Kd4 Nd7 46.
Bg4 Kf6 47. Bf3 b6 48. Bb7 Nc5 49. Bc8 Nb3+ 50. Kd5 Na5 51. Be6 1-0

[Event "9.Open Internacional de Sants"]
[Site "Barcelona ESP"]
[Date "2007.08.27"]
[Round "4.1"]
[White "Feller, Sebastien"]
[Black "Shengelia, Davit"]
[Result "1-0"]
[WhiteElo "2478"]
[BlackElo "2572"]
[PlyCount "85"]
[EventDate "2007.08.24"]
[EventType "swiss"]
[EventRounds "10"]
[EventCountry "ESP"]
[Source "lmi"]
[SourceDate "2007.08.24"]

1. c4 e6 2. g3 d5 3. Nf3 d4 4. Bg2 Ne7 5. b4 c5 6. Bb2 f6 7. e3 Nec6 8. b5 Nb4
9. O-O dxe3 10. d4 cxd4 11. Bxd4 Be7 12. a3 e5 13. Nxe5 e2 14. Qxe2 Qxd4 15.
Qh5+ g6 16. Nxg6 Bg4 17. Qh4 Nd7 18. axb4 Qxa1 19. Nxh8 h5 20. Ng6 Bd8 21. Re1+
Ne5 22. h3 f5 23. Rxe5+ Kf7 24. Nh8+ Kf8 25. Ng6+ Kg7 26. Ne7 Qxe5 27. Qg5+ Kf7
28. Bd5+ Ke8 29. hxg4 Qxe7 30. Qxh5+ Kd7 31. Qxf5+ Kc7 32. Qf4+ Qd6 33. Qxd6+
Kxd6 34. Bxb7 Rb8 35. Bd5 Ke5 36. Nd2 Kd4 37. g5 Be7 38. Ne4 Bxb4 39. f4 Bf8
40. Kg2 Rd8 41. Kf3 Re8 42. g6 Bg7 43. Nd6 1-0